FIFA 18 - Best Football Players - Statistics

General Stats
  • This quiz has been taken 282 times
  • The average score is 124 of 392
Answer Stats
OVA Player % Correct
94 Cristiano Ronaldo
99%
93 Lionel Messi
99%
92 Neymar
95%
92 Luis Suarez
91%
91 Robert Lewandowski
85%
89 Luka Modric
83%
90 Eden Hazard
82%
90 Sergio Ramos
82%
92 Manuel Neuer
81%
87 Paul Pogba
79%
90 Toni Kroos
79%
89 Gareth Bale
78%
89 Kévin De Bruyne
78%
87 David Silva
77%
88 Thiago Silva
77%
84 Bernardo Silva
76%
86 Harry Kane
76%
83 Kylian Mbappé
76%
86 Karim Benzema
75%
83 Adrien Silva
74%
87 Andrès Iniesta
74%
88 Antoine Griezmann
74%
90 David De Gea
74%
87 Gérard Piqué
73%
84 Dele Alli
72%
83 Mohamed Salah
72%
84 Sadio Mané
72%
87 N'Golo Kanté
71%
87 Marcelo
70%
89 Sergio Agüero
70%
86 Romelu Lukaku
68%
88 Zlatan Ibrahimovic
68%
89 Alexis Sanchez
67%
81 Davinson Sanchez
67%
89 Thibaut Courtois
67%
87 Edinson Cavani
66%
85 Jordi Alba
66%
86 Thomas Müller
66%
89 Gianluigi Buffon
65%
85 Raphaël Varane
65%
88 Arjen Robben
64%
85 Marc-André ter Stegen
64%
88 Jérôme Boateng
63%
82 Heung-min Son
62%
88 Hugo Lloris
62%
87 Ivan Rakitic
62%
88 Mesut Özil
62%
85 Casemiro
61%
84 Daniel Carvajal
61%
85 Keylor Navas
61%
86 Marco Reus
61%
83 Roberto Firmino
61%
86 Sergio Busquets
61%
89 Giorgio Chiellini
60%
88 Mats Hummels
60%
86 James Rodriguez
59%
88 Leonardo Bonucci
59%
82 Raheem Sterling
59%
84 Alvaro Morata
58%
82 Leroy Sané
58%
88 Paulo Dybala
58%
86 Isco
57%
88 Thiago Alcantara
57%
86 Diego Costa
56%
86 Franck Ribéry
56%
90 Gonzalo Higuain
56%
88 Jan Oblak
56%
86 Pepe
56%
85 Angel Di Maria
55%
83 Ederson
55%
83 Kyle Walker
55%
83 Mousa Dembélé
55%
83 Ousmane Dembélé
55%
86 Philippe Coutinho
55%
88 Pierre-Emerick Aubameyang
55%
83 Virgil van Dijk
55%
86 David Alaba
54%
82 Jordan Henderson
54%
81 Joshua Kimmich
54%
84 Dani Alvès
53%
88 Diego Godin
53%
82 Douglas Costa
53%
84 Marco Asensio
53%
87 Christian Eriksen
52%
86 David Luiz
51%
86 Javi Martinez
50%
82 Olivier Giroud
50%
85 Vincent Kompany
50%
83 Riyad Mahrez
49%
85 Alexandre Lacazette
48%
87 Arturo Vidal
48%
82 Inigo Martinez
48%
81 Marcus Rashford
48%
83 Samuel Umtiti
48%
82 Anthony Martial
47%
81 Gabriel Jesus
47%
84 Koke
47%
81 Wayne Rooney
47%
81 Jamie Vardy
46%
82 Javier Hernandez
46%
82 Fernandinho
45%
81 Marcos Alonso
45%
87 Marco Verratti
44%
86 Petr Cech
44%
84 Willian
44%
84 Alejandro Gomez
43%
82 Mario Gomez
43%
83 Marquinhos
43%
83 Nemanja Matic
43%
85 César Azpilicueta
42%
84 Edin Dzeko
42%
83 Fabinho
42%
81 Gonzalo Rodriguez
42%
85 Jan Vertonghen
42%
81 Mario Götze
42%
81 Ricardo Rodriguez
42%
86 Dries Mertens
41%
81 Nacho Fernandez
41%
83 Nicolas Otamendi
41%
81 Sergi Roberto
41%
85 Blaise Matuidi
40%
86 Cesc Fabregas
40%
82 Lucas Vazquez
40%
84 Mauro Icardi
40%
84 Radamel Falcao
40%
87 Samir Handanovic
40%
85 Ilkay Gündogan
39%
84 Ivan Perisic
39%
83 Javier Mascherano
39%
85 Lorenzo Insigne
39%
83 Mario Mandzukic
39%
85 Andrea Barzagli
38%
82 Antonio Rüdiger
38%
83 Danilo Pereira
38%
84 Juan Mata
38%
85 Miralem Pjanic
38%
84 Pedro
38%
86 Toby Alderweireld
38%
82 Saul Niguez
37%
86 Alex Sandro
36%
81 Chris Smalling
36%
85 Filipe Luis
36%
84 Aymeric Laporte
35%
85 Bernd Leno
35%
81 Fernando Torres
35%
83 Iker Casillas
35%
83 Joel Matip
35%
84 Sami Khedira
35%
83 Antonio Valencia
34%
84 Gary Cahill
34%
82 Lucas
34%
83 Yaya Touré
34%
82 Georginio Wijnaldum
33%
82 Gianluigi Donnarumma
33%
83 José Gimenez
33%
82 Mateo Kovacic
33%
83 Niklas Süle
33%
82 Leon Goretzka
32%
87 Marek Hamsik
32%
83 Oscar
32%
81 Dejan Lovren
31%
84 Dimitri Payet
31%
82 Franco Vazquez
31%
82 Joe Hart
31%
84 Kalidou Koulibaly
31%
82 Timo Werner
31%
85 Yannick Carrasco
31%
82 Aaron Ramsey
30%
82 David Villa
30%
82 Granit Xhaka
30%
84 Julian Draxler
30%
83 Kasper Schmeichel
30%
81 Mario Fernandes
30%
83 Naby Keita
30%
82 Stefan Savic
30%
82 Xherdan Shaqiri
30%
82 Claudio Bravo
29%
85 Claudio Marchisio
29%
83 Daniele De Rossi
29%
82 Eric Dier
29%
81 Kévin Trapp
29%
84 Kostas Manolas
29%
84 Laurent Koscielny
29%
82 Mario Balotelli
29%
86 Radja Nainggolan
29%
81 Adrien Rabiot
28%
81 Hector Bellerin
28%
85 Henrikh Mkhitaryan
28%
82 Juan Cuadrado
28%
81 Simon Mignolet
28%
83 Yann Sommer
28%
84 Eric Bailly
27%
81 Paulinho
27%
83 Shinji Kagawa
27%
84 Shkodran Mustafi
27%
84 Ander Herrera
26%
82 Daniel Sturridge
26%
82 Danny Rose
26%
81 Jorginho
26%
82 Nabil Fekir
26%
83 Stefan de Vrij
26%
83 Adam Lallana
25%
82 Axel Witsel
25%
83 Iago Aspas
25%
81 Nelson Semedo
25%
84 Roman Bürki
25%
82 Wojcieh Szczesny
25%
83 José Callejon
24%
86 Miranda
24%
81 Rafinha
24%
81 Andreas Christensen
23%
82 André Gomes
23%
83 Juanfran
23%
86 Sokratis
23%
82 Steve Mandanda
23%
83 Thomas Lemar
23%
85 Danijel Subasic
22%
83 Emil Forsberg
22%
81 Gabi
22%
83 Javier Pastore
22%
83 José Reina
22%
85 Kamil Glik
22%
83 Nani
22%
83 Rui Patricio
22%
82 Tiémoué Bakayoko
22%
83 Anthony Lopes
21%
83 Daniel Parejo
21%
81 Hakim Ziyech
21%
83 Joao Mario
21%
82 Raul Albiol
21%
81 Thomas Meunier
21%
83 William Carvalho
21%
82 Alessandro Florenzi
20%
82 Arda Turan
20%
82 Ashley Williams
20%
81 Bastian Schweinsteiger
20%
82 Benat
20%
82 Corentin Tolisso
20%
83 Diego Lopez
20%
82 Florian Thauvin
20%
82 Gylfi Sigurdsson
20%
81 Inaki Williams
20%
82 Joao Moutinho
20%
81 Marcelo Brozovic
20%
82 Marcos Rojo
20%
82 Nathaniel Clyne
20%
83 Quaresma
20%
83 Santi Cazorla
20%
81 Wilfried Zaha
20%
81 Adil Rami
19%
81 Christian Benteke
19%
81 Per Mertesacker
19%
81 Serge Aurier
19%
83 Wesley Sneijder
19%
82 Carlos Bacca
18%
81 Jack Wilshere
18%
84 Kévin Strootman
18%
83 Lukasz Piszczek
18%
84 Bruno
17%
83 Kévin Gameiro
17%
82 Marko Arnautovic
17%
84 Medhi Benatia
17%
81 Raphaël Guerreiro
17%
83 Steven N'Zonzi
17%
81 Wissam Ben Yedder
17%
82 Yacine Brahimi
17%
83 Andrea Belotti
16%
84 Aritz Aduriz
16%
82 Felipe
16%
82 Fernando Muslera
16%
81 Ross Barkley
16%
85 Stéphane Ruffier
16%
82 Victor Wanyama
16%
81 Andrej Kramaric
15%
83 Benedikt Höwedes
15%
81 Dani Garcia
15%
83 Éver Banega
15%
82 Leighton Baines
15%
83 Lucas Biglia
15%
82 Naldo
15%
81 Raul Garcia
15%
82 Samir Nasri
15%
82 Victor Ruiz
15%
82 Federico Fazio
14%
81 Francesco Acerbi
14%
82 Gerard Deulofeu
14%
83 Giacomo Bonaventura
14%
83 Idrissa Gueye
14%
82 Islam Slimani
14%
81 Jasper Cillessen
14%
83 Jonas
14%
82 Jonathan Tah
14%
82 Lars Bender
14%
83 Mattia Perin
14%
83 Omer Toprak
14%
84 Ralf Fährmann
14%
81 Seamus Coleman
14%
84 Sergio Asenjo
14%
81 Thiago Motta
14%
82 Carlos Vela
13%
81 Gelson Martins
13%
81 Grzegorz Krychowiak
13%
81 Jack Butland
13%
81 Malcom
13%
81 Michael Keane
13%
83 Morgan Schneiderlin
13%
82 Suso
13%
82 Willian José
13%
82 Branislav Ivanovic
12%
82 Federico Bernardeschi
12%
81 Lucas Pérez
12%
81 Mamadou Sakho
12%
83 Nicolas Gaitan
12%
82 Stephan Lichtsteiner
12%
81 Andriy Yarmolenko
11%
83 Ezequiel Garay
11%
81 Felipe Anderson
11%
81 Marc Bartra
11%
81 Samuel Eto'o
11%
83 Sebastian Giovinco
11%
81 Sebastian Rudy
11%
81 Simon Kjaer
11%
81 Stevan Jovetic
11%
82 Asmir Begovic
10%
83 Borja Valero
10%
81 Dante
10%
83 Geronimo Rulli
10%
81 Hatem Ben Arfa
10%
81 Julian Weigl
10%
82 Karim Bellarabi
10%
82 Keita Baldé
10%
81 Kevin Kampl
10%
82 Oliver Baumann
10%
81 Simone Zaza
10%
83 Victor Vitolo
10%
81 Adan
9%
81 André-Pierre Gignac
9%
83 Bas Dost
9%
82 Benoit Costil
9%
81 Diego Perotti
9%
81 Domenico Berardi
9%
82 Gonzalo Castro
9%
81 Jesus Corona
9%
82 Pizzi
9%
84 Timo Horn
9%
82 Emiliano Viviano
8%
82 Gary Medel
8%
82 Jean Michaël Seri
8%
83 Loïc Perrin
8%
81 Lukas Hradecky
8%
81 Manuel Lanzini
8%
82 Manu Trigueros
8%
81 Marco Parolo
8%
82 Max Kruse
8%
81 Nikola Kalinic
8%
82 Raffael
8%
81 Sebastian Coates
8%
82 Taison
8%
82 Vedran Corluka
8%
82 Andrea Consigli
7%
81 Cédric Bakambu
7%
81 Darijo Srna
7%
82 Davy Klaasen
7%
81 Konstantinos Mitroglou
7%
82 Lars Stindl
7%
82 Marlos
7%
81 Martin Skrtel
7%
81 Mathieu Valbuena
7%
82 Quincy Promes
7%
82 Vicente Iborra
7%
81 Asier Illarramendi
6%
81 Bruma
6%
81 Davide Astori
6%
81 Giuliano
6%
82 Jonathan Viera
6%
81 Kévin Mirallas
6%
83 Mateo Musacchio
6%
81 Miguel Moya
6%
82 Sergio Rico
6%
82 Ljubomir Fejsa
5%
81 Morgan Sanson
5%
82 Orestis Karnezis
4%
82 Rune Jarstein
4%
81 Ryad Boudebouz
4%
81 Tom Heaton
4%
81 Younès Belhanda
4%
81 Ander Iturraspe
3%
81 Ignacio Camacho
3%
81 Mario Gaspar
3%
81 Oscar De Marcos
3%
82 Roque Mesa
3%
81 Cédric Carrasso
2%
No matching quizzes found
Score Distribution
Percent of People with Each Score
Percentile by Number Answered
Your Score History
You have not taken this quiz